000 00380nam a2200133Ia 4500
008 151001s9999||||xx |||||||||||||| ||und||
100 _aवसंत देशमुख
245 _aइथेची जन्मली वेदना
250 _a1
260 _bभारतीय प्रकाशन संस्था
260 _c1972
300 _a160
365 _b18
999 _c955844
_d955841